| 000 | 00620cam a22002053a 4500 | ||
|---|---|---|---|
| 001 | 42877 | ||
| 003 | PGUSA | ||
| 005 | 20140828083955.0 | ||
| 008 | 130605s2013||||xxu|||||s|||||000 | eng d | ||
| 040 |
_aPGUSA _beng |
||
| 042 | _adc | ||
| 100 | 1 | _aClub, Grolier | |
| 245 | 1 | 0 |
_aOne Hundred Books Famous in English Literature : _bWith Facsimiles of the Title-Pages _h[electronic resource] / _cGrolier Club |
| 260 |
_bProject Gutenberg, _c2013 |
||
| 506 | _aPublic domain in the USA. | ||
| 516 | _aElectronic text | ||
| 830 | 0 |
_aProject Gutenberg _v42877 |
|
| 856 | 4 | 0 | _uhttp://www.gutenberg.org/ebooks/42877 |
| 942 | _cEB | ||
| 999 |
_c272129 _d272129 |
||